[Event "SVK-ch op"]
[Site "Banska Stiavnica"]
[Date "2015.07.11"]
[Round "8"]
[White "Istok, Bela"]
[Black "Lecky, Juraj"]
[Result "0-1"]
[WhiteElo "1966"]
[BlackElo "2099"]
[PlyCount "66"]
[EventDate "2015.07.04"]
[EventType "swiss"]
[EventRounds "9"]
[EventCountry "SVK"]
[SourceTitle "CBM 167 Extra"]
[Source "ChessBase"]
[SourceDate "2015.09.14"]
[SourceVersion "1"]
[SourceVersionDate "2015.09.14"]
[SourceQuality "1"]

1. Nf3 Nf6 2. g3 c5 3. Bg2 d5 4. 0-0 g6 5. d4 Bg7 6. b3 0-0 7. Bb2 Nc6 8. dxc5 Qa5 9. Ne5 Nxe5 10. Bxe5 Qxc5 11. Nd2 Be6 12. Nf3 Bf5 13. Nd4 Ne4 14. Bxg7 Kxg7 15. Nxf5+ gxf5 16. Bxe4 fxe4 17. c4 Rad8 18. e3 dxc4 19. Qg4+ Kh8 20. Qxe4 c3 21. Qxb7 Rd2 22. b4 Qd6 23. Qe4 c2 24. Rfc1 Qc7 25. Kg2 Rfd8 26. Qf4 Qc6+ 27. Qf3 Qe6 28. e4 f6 29. Qf5 Qc6 30. b5 Qc3 31. Qe6 Rxf2+ 32. Kh3 Rg8 33. Rg1 Qd2 0-1

[Event "SVK-ch op"]
[Site "Banska Stiavnica"]
[Date "2015.07.10"]
[Round "7"]
[White "Macko, Miroslav"]
[Black "Istok, Bela"]
[Result "1/2-1/2"]
[WhiteElo "2158"]
[BlackElo "1966"]
[PlyCount "72"]
[EventDate "2015.07.04"]
[EventType "swiss"]
[EventRounds "9"]
[EventCountry "SVK"]
[SourceTitle "CBM 167 Extra"]
[Source "ChessBase"]
[SourceDate "2015.09.14"]
[SourceVersion "1"]
[SourceVersionDate "2015.09.14"]
[SourceQuality "1"]

1. e4 c6 2. d4 d5 3. Nc3 dxe4 4. Nxe4 Bf5 5. Ng3 Bg6 6. Nf3 Nd7 7. h4 h6 8. h5 Bh7 9. Bd3 Bxd3 10. Qxd3 e6 11. Bf4 Qa5+ 12. Bd2 Bb4 13. Ne4 Bxd2+ 14. Nfxd2 Ngf6 15. Nd6+ Ke7 16. N6c4 Qd5 17. Ne3 Qa5 18. a3 Rhd8 19. 0-0-0 b5 20. f4 Kf8 21. g4 Nc5 22. Qe2 Rxd4 23. g5 Nfe4 24. Nxe4 Rxe4 25. gxh6 gxh6 26. Qf2 b4 27. Qd2 Qc7 28. axb4 Qxf4 29. Rhe1 Nb7 30. Qc3 Qe5 31. Qa3 Nd6 32. b5 c5 33. b6 Nb5 34. b7 Rb8 35. Qd3 Nd4 36. Nc4 Qf4+ 1/2-1/2

[Event "SVK-ch op"]
[Site "Banska Stiavnica"]
[Date "2015.07.08"]
[Round "5"]
[White "Neumann, Filip"]
[Black "Istok, Bela"]
[Result "0-1"]
[WhiteElo "1603"]
[BlackElo "1966"]
[PlyCount "102"]
[EventDate "2015.07.04"]
[EventType "swiss"]
[EventRounds "9"]
[EventCountry "SVK"]
[SourceTitle "CBM 167 Extra"]
[Source "ChessBase"]
[SourceDate "2015.09.14"]
[SourceVersion "1"]
[SourceVersionDate "2015.09.14"]
[SourceQuality "1"]

1. e4 c6 2. d4 d5 3. exd5 cxd5 4. c4 Nf6 5. Nc3 Nc6 6. Nf3 Bg4 7. cxd5 Nxd5 8. Qb3 Bxf3 9. gxf3 e6 10. Qxb7 Nxd4 11. Bb5+ Nxb5 12. Qc6+ Ke7 13. Qxb5 Qd7 14. Nxd5+ Qxd5 15. Qxd5 exd5 16. Be3 Ke6 17. 0-0-0 Rc8+ 18. Kb1 Bc5 19. Rhe1 Kd6 20. Re2 Rhd8 21. Red2 Ke6 22. Rd3 Rd7 23. Bxc5 Rxc5 24. Rd4 Rb7 25. Re1+ Kf5 26. Red1 Ke5 27. f4+ Kf5 28. Rg1 f6 29. Rgd1 g6 30. Rc1 Rcb5 31. b3 Re7 32. Rc2 Re4 33. Rcd2 Rxf4 34. Rxd5+ Rxd5 35. Rxd5+ Ke6 36. Rd2 Rh4 37. f3 Rh3 38. Rf2 Kf5 39. a4 Kf4 40. b4 Rxf3 41. Rb2 Ra3 42. a5 Ke3 43. b5 Rxa5 44. b6 axb6 45. Rxb6 Rf5 46. Rb7 Rh5 47. Rf7 f5 48. Re7+ Kf3 49. Rc7 Rxh2 50. Rc3+ Kg4 51. Rc4+ f4 0-1